|
|
|
|
| LEADER |
00752nam a22002057a 4500 |
| 003 |
GR-PaULI |
| 005 |
20220615114317.0 |
| 008 |
220615s1964 enk g 000 1 eng d |
| 952 |
|
|
|0 0
|1 0
|2 ddc
|4 0
|6 813_520000000000000_WEB
|7 1
|9 361250
|a LISP
|b LISP
|c DON
|d 2022-06-15
|e ΨΥΧ
|i 257665
|l 0
|o 813.52 WEB
|p 025000289275
|r 2022-06-15 00:00:00
|t 1
|w 2022-06-15
|y BKN
|
| 999 |
|
|
|c 211111
|d 211111
|
| 020 |
|
|
|a 0340040181
|
| 040 |
|
|
|a GR-PaULI
|b gre
|c GR-PaULI
|e AACR2
|
| 082 |
0 |
4 |
|2 23
|a 813.52
|
| 100 |
1 |
|
|9 192490
|a Webster, Jean
|e συγγραφέας.
|
| 245 |
1 |
0 |
|a Daddy-Long-Legs /
|c Jean Webster.
|
| 260 |
|
|
|a London :
|b Knight Books,
|c 1974.
|
| 300 |
|
|
|a 189 σ. ;
|c 18 εκ.
|
| 655 |
|
0 |
|a Ερωτικές ιστορίες
|
| 942 |
|
|
|2 ddc
|c BK
|
| 998 |
|
|
|c Σαλαμούρα
|d 2022-06
|